00540nam a2200193 a 4500001001300000003000900013005001700022008004100039020002300080082001300103100002000116245006000136260004000196300000900236500003500245505001800280650002800298700002000326nice12345678IN_TiNIC20260116014122.0110502s2011 newa grp 000 0 eng  a9788125041993c10000a150bNAY aNayar, Pramod K aStates of Sentimentb Exploring the Cultures of Emotion aNew Delhi bOrient Blackswan c2011 a291p aincludes index and biblioraphy2 abiblio, index aPsychology-Human Nature1 aNayar, Pramod K